Länder Europas nach sozialistischen & kommunistischen Parteien - Statistiken

Allgemein
  • Dieses Quiz wurde 7 mal gespielt
  • Das Durchschnittsergebnis liegt bei 30 aus 42
Antwortstatistiken
Parteien Länder % Korrekt
Allgemeiner _ Arbeiterverein, Arbeiterbund für den Wiederaufbau der KPD, Bund der Kommunist:innen, Bund West_ Kommunisten, _ Kommunistische Partei, Die Linke, Kommunistischer Arbeiterbund _, Kommunistischer Aufbau, Kommunistischer Bund, Kommunistischer Bund West_ Kommunistische Partei _ /Marxisten-Leninisten, Kommunistische Partei, Kommunistische Arbeiterpartei _, Kommunistische Partei _, Kommunistische Organisation, Marxistisch-Leninistische Partei _, Partei des Demokratischen Sozialismus, Spartakusbund, Sozialdemokratische Arbeiterpartei, Sozialistische Arbeiterpartei _, Sozialistische Einheitspartei _, Sozialistische Einheitspartei Westberlins, Sozialistische Gleichheitspartei, Unabhängige Sozialdemokratische Partei _ Deutschland
86%
Anorthotiko Komma Ergazomenou Laou Zypern
86%
Partia Komuniste e _, Die Partia Komuniste e _ 8 Nëntori, Partia e Punës e _ Albanien
71%
Hajastani Komunistakan Kusakzutjun, Kommunistische Partei der _ _ Armenien
71%
_ Kommunist Partiyası, Kommunistische Partei der _ _ Aserbaidschan
71%
_ vereinigte Linkspartei „Gerechte Welt“, Kamunistytschnaja partyja _, Kommunistische Partei der _ _ Belarus
71%
Kommunistische Partij van _, Parti Communiste, Parti du Travail de _ Belgien
71%
_ komunističeska partija, _ Kommunistische Partei, Kommunistische Partei _ Bulgarien
71%
_ Kommunistiske Parti, Enhedslisten – De Rød-Grønne, Inuit Ataqatigiit, Partii Inuit, Socialistisk Folkeparti, Tjóðveldi Dänemark
71%
_ Kommunistlik Partei, Kommunistische Partei _ Estland
71%
_ Kommunistiska Parti, _ kommunistinen puolue, Vasemmistoliitto Finnland
71%
Fédération pour une Alternative Sociale et Écologique, La France insoumise, Ligue communiste révolutionnaire, Lutte Ouvrière, Mouvement Républicain et Citoyen, Parti Communiste _, Parti de Gauche, Parti de l’égalité socialiste, Pôle de renaissance communiste en _, Section _ de l’Internationale ouvrière Frankreich
71%
ANTARSYA, Laiki Enotita, Kommounistikó Kómma _, Synaspismos Rizospastikis Aristeras Griechenland
71%
Communist Party of _, Communist Party of _ (Marxist–Leninist), Independents 4 Change, People Before Profit/Solidarity, Right to Change, RISE, Sinn Féin, Socialist Party of _, Solidarity–the left alternative, Workers’ Party of _ Irland
71%
Alþýðufylkingin, Sósíalistaflokkur _, Vinstrihreyfingin – grænt framboð Island
71%
Partito Comunista, Partito Comunista _, Partito della Rifondazione Comunista, Partito dei Comunisti _ Italien
71%
Kommunistische Partei der _ _, _ Halyq partıasy, _ Kommunistik Partiyas Kasachstan
71%
Kommunistische Partei _ Kroatien
71%
_ Komunistiskā partija, _Sociālistiskā partija Lettland
71%
Déi Lénk, Parti communiste _ Luxemburg
71%
Partit Komunista _ Malta
71%
Blocul Electoral Patria - Rodina, Kommunistische Partei der _ _, Partidul Comuniștilor din Republica _, Partidul Socialiștilor din Republica _ Moldau
71%
Communistische Partij van _, Nieuwe Communistische Partij, Socialistische Partij Niederlande
71%
_ Kommunistiske Parti, Rødt, Samfunnspartiet, Sosialistisk Folkeparti, Sosialistisk Venstreparti Norwegen
71%
Kommunistische Partei _, Linke, Marxistisch-Leninistische Partei _, Partei der Arbeit _ Österreich
71%
Komunistyczna Partia _, Komunistyczna Partia _, _ Partia Robotnicza, _ Zjednoczona Partia Robotnicza, Związek Komunistów _ Proletariat Polen
71%
Bloco de Esquerda, Partido Comunista _ Portugal
71%
Föderation Sozialistischer Parteien _, Partidul Comunist _, _ Sozialdemokratische Partei, _ Sozialistische Partei, Sozialdemokratische Arbeiterpartei _, Sozialdemokratische Partei _, Sozialistische Arbeiterpartei, Sozialistische Partei _ Rumänien
71%
Kommunistische Partei der _Föderation, Kommunistische Partei der _ SFSR, Kommunisten _, _ Kommunistische Arbeiterpartei – Revolutionäre Partei der Kommunisten, _ Vereinigte Arbeiterfront Russland
71%
Partito Comunista _, Rifondazione Comunista _, Sinistra Socialista Democratica, Sinistra Unita San Marino
71%
Kommunistiska Partiet, _ Kommunistiska Parti, Vänsterpartiet Schweden
71%
Alternative Linke, Kommunistische Partei, Kommunistische Partei der _, Kommunistische Partei-Opposition, Kommunistische Partei der _/Marxisten-Leninisten, Partei der Arbeit der _, Partei der Arbeit _, Progressive Organisationen der _, SolidaritéS Schweiz
71%
Komunistička partija, Nova Komunistička Partija Jugoslavije, Socijalistička partija _ Serbien
71%
Komunistická strana _ Slowakei
71%
Levica Slowenien
71%
Bloque Nacionalista Galego, Candidatura d'Unitat Popular, Chunta Aragonesista, Esquerra Republicana de Catalunya, Esquerra Unida i Alternativa, Izquerda Unida, Partido Comunista de _, Partido Comunista de los Pueblos de _, Partido Comunista Obrero, Partido Obrero de Unificación Marxista, Partido Socialista Obrero _, Podemos, Spanien
71%
Komunistická strana _ a Moravy, Strana demokratického socialismu Tschechien
71%
Devrimci Halk Kurtuluş Partisi-Cephesi, Devrimci Sol, Devrimci Yol, Emek Partisi, Halkın _ Komünist Partisi, Marksist Leninist Komünist Parti, _ Devrimci Gençlik Dernekleri Federasyonu, _ İşçi Partisi, _ Komünist Partisi, _ Komünist Partisi-Marksist Leninist, Sol Parti, Sozialistische Einheitspartei, Vatan Partisi, Vereinte Kommunistische Partei der _ Türkei
71%
Kommunistische Partei der _ _, Kommunistitscheskaja partija _, Union der Kommunisten der _ Ukraine
71%
_ Dolgozók Pártja, _ Kommunista Párt, - Munkáspárt, _ Szocialista Munkáspárt, Partei der Kommunisten _ Ungarn
71%
_ Socialist Party, Communist Party of _, Communist Party of _ _, Independent Labour Party, Left Unity, New Communist Party of _, Respect Party, Revolutionary Communist Party of _ (Marxist–Leninist), Social Democratic Federation, Socialist Equality Party, Socialist Labour Party, Socialist Party of _ _, Vereinigtes Königreich
71%
Kommunistische Partei der _ _, Sakartvelos Leiboristuli Partia, Sakartwelos Ertiani Komunisturi Partia Georgien
57%
Keine übereinstimmenden Quizze gefunden
Verteilung der Resultate
Anzahl Personen mit jedem Resultat
Perzentil nach korrekt beantworteten Fragen
Ihre Resultats-Entwicklung
Sie haben dieses Quiz noch nicht gespielt